The tree of life : (Record no. 1145)
[ view plain ]
| 000 -LEADER | |
|---|---|
| fixed length control field | 00707cam a2200205 a 4500 |
| 001 - CONTROL NUMBER | |
| control field | 2107139 |
| 005 - DATE AND TIME OF LATEST TRANSACTION | |
| control field | 20241113171821.0 |
| 008 - FIXED-LENGTH DATA ELEMENTS--GENERAL INFORMATION | |
| fixed length control field | 960627s1996 miu b 001 0 eng |
| 020 ## - INTERNATIONAL STANDARD BOOK NUMBER | |
| International Standard Book Number | 0802841929 (pbk. : alk. paper) |
| 050 00 - LIBRARY OF CONGRESS CALL NUMBER | |
| Classification number | BS1455 |
| Item number | .M83 1996 |
| 082 00 - DEWEY DECIMAL CLASSIFICATION NUMBER | |
| Classification number | 223/.06 |
| Edition information | 20 |
| 100 1# - MAIN ENTRY--PERSONAL NAME | |
| Personal name | Murphy, Roland E. |
| Fuller form of name | (Roland Edmund), |
| Dates associated with a name | 1917-2002. |
| 245 14 - TITLE STATEMENT | |
| Title | The tree of life : |
| Remainder of title | an exploration of biblical wisdom literature / |
| Statement of responsibility, etc. | Roland E. Murphy. |
| 250 ## - EDITION STATEMENT | |
| Edition statement | 2nd ed. |
| 260 ## - PUBLICATION, DISTRIBUTION, ETC. | |
| Place of publication, distribution, etc. | Grand Rapids, Mich. : |
| Name of publisher, distributor, etc. | William B. Eerdmans Pub., |
| Date of publication, distribution, etc. | 1996. |
| 300 ## - PHYSICAL DESCRIPTION | |
| Extent | xi, 233 p. ; |
| Dimensions | 23 cm. |
| 650 #0 - SUBJECT ADDED ENTRY--TOPICAL TERM | |
| Topical term or geographic name entry element | Wisdom literature |
| General subdivision | Criticism, interpretation, etc. |
| 650 #0 - SUBJECT ADDED ENTRY--TOPICAL TERM | |
| Topical term or geographic name entry element | Wisdom (Biblical personification) |
| 942 ## - ADDED ENTRY ELEMENTS (KOHA) | |
| Source of classification or shelving scheme | Library of Congress Classification |
| Koha item type | Books |
| Suppress in OPAC | No |
| 999 ## - | |
| -- | 1145 |
| -- | 1145 |
| Withdrawn status | Lost status | Source of classification or shelving scheme | Damaged status | Not for loan | Collection | Home library | Current library | Shelving location | Date acquired | Total checkouts | Full call number | Barcode | Date last seen | Copy number | Price effective from | Koha item type |
|---|---|---|---|---|---|---|---|---|---|---|---|---|---|---|---|---|
| Library of Congress Classification | Non-fiction | Law Library (Miotso) | Law Library (Miotso) | General stacks | 11/13/2024 | BS1455 MUR | LLM00000850 | 11/13/2024 | 1 | 11/13/2024 | Books |